| 000 | nam a22 4500 | ||
|---|---|---|---|
| 999 |
_c9161 _d9161 |
||
| 008 | 180413b ||||| |||| 00| 0 eng d | ||
| 100 |
_927356 _aFlores, Helen |
||
| 245 |
_a14 cyclones expected to enter Phl this year/ _cHelen Flores |
||
| 260 |
_aPhilippines _bThe Philippine Star _cc2017 |
||
| 300 | _apage 3. | ||
| 650 | 0 |
_927357 _aNatural disaster. |
|
| 942 |
_2ddc _cPER |
||